| 000 | 00689cab a2200229 4500 | ||
|---|---|---|---|
| 001 | ABS55902 | ||
| 008 | 090401t1996 xxu||||| |||| 00| 0 eng d | ||
| 035 | _a(Sirsi) u19630 | ||
| 041 | _aeng | ||
| 100 | _aComyn, C. | ||
| 245 | _aTaxes on corporate debt simplified | ||
| 260 | _c1996 | ||
| 350 | _a0 | ||
| 490 |
_aProperty Week _v56(11) 13 September 1996, 21(1) |
||
| 520 | _aOutlines the changes to the tax treatment of corporate debt introduced by the Finance Act 1996 and considers the imapct on the property industry. | ||
| 650 | _aCORPORATE DEBT | ||
| 650 | _aFINANCE ACT 1996 | ||
| 650 | _aPROPERTY INDUSTRY | ||
| 690 | _aTAXATION | ||
| 942 | _n0 | ||
| 948 | _c04/03/1997 | ||
| 999 |
_c13128 _d13128 |
||